[Event "Sitges op 48th"]
[Site "Sitges"]
[Date "2024.07.25"]
[Round "4"]
[White "Nishant, Abhijeet Jawalkar"]
[Black "Boggarapu, Kritan"]
[Result "1-0"]
[WhiteElo "1954"]
[BlackElo "1990"]
[PlyCount "81"]
[EventDate "2024.07.22"]
[EventType "swiss"]
[EventRounds "9"]
[EventCountry "ESP"]
[SourceTitle "CB31_2024"]
[SourceDate "2024.07.31"]
[SourceVersion "1"]
[SourceVersionDate "2024.07.31"]
[SourceQuality "1"]

1. e4 c5 2. Nc3 d6 3. f4 g6 4. Nf3 Bg7 5. Bc4 Nc6 6. 0-0 e6 7. d4 cxd4 8. Nb5 Nge7 9. Bb3 0-0 10. Nbxd4 d5 11. e5 Bd7 12. Be3 a6 13. c3 Qc7 14. Qe1 Nxd4 15. Nxd4 f6 16. exf6 Bxf6 17. g3 Rae8 18. Nf3 Nf5 19. Bd4 Bxd4+ 20. Nxd4 Bb5 21. Rf2 Nxd4 22. cxd4 Bd3 23. Rc1 Qd6 24. Rf3 Be4 25. Rfc3 Qb6 26. Qe3 Rf7 27. Rc5 Ref8 28. h4 Bf5 29. R1c3 Qd6 30. Bd1 h6 31. Rc8 Kh7 32. Qe5 Qxe5 33. dxe5 Rxc8 34. Rxc8 h5 35. Kf2 Rd7 36. Ke3 d4+ 37. Kd2 Kg7 38. Bf3 Kf7 39. b4 Ke7 40. a4 d3 41. Rb8 1-0

[Event "Barcelona Sant Marti op-A 24th"]
[Site "Barcelona"]
[Date "2024.07.19"]
[Round "7"]
[White "Alvarez Albiol, Victor"]
[Black "Boggarapu, Kritan"]
[Result "1-0"]
[WhiteElo "2094"]
[BlackElo "1990"]
[PlyCount "149"]
[EventDate "2024.07.13"]
[EventType "swiss"]
[EventRounds "9"]
[EventCountry "ESP"]
[SourceTitle "CB30_2024"]
[SourceDate "2024.07.24"]
[SourceVersion "1"]
[SourceVersionDate "2024.07.24"]
[SourceQuality "1"]

1. e4 c5 2. Nf3 d6 3. Bb5+ Bd7 4. Bxd7+ Qxd7 5. c4 e5 6. Nc3 Nc6 7. d3 Be7 8. 0-0 Bd8 9. a3 Nge7 10. Rb1 0-0 11. b4 f5 12. exf5 Nxf5 13. bxc5 dxc5 14. Qe2 Bf6 15. Bb2 b6 16. Nd5 Nfe7 17. Nxe7+ Qxe7 18. Rfe1 Rfe8 19. Qe4 Qd6 20. Bc3 Rad8 21. Rbd1 Re6 22. g3 g6 23. h4 Kg7 24. Kg2 h5 25. g4 hxg4 26. Qxg4 Rde8 27. Re4 Nd4 28. Bxd4 cxd4 29. Rde1 Kf7 30. Qg3 Qxa3 31. h5 gxh5 32. Qh3 Qe7 33. Qxh5+ Kf8 34. Nxd4 exd4 35. Rxe6 Qxe6 36. Rxe6 Rxe6 37. Qd5 Re7 38. Kf3 Kg7 39. Kg4 Re5 40. Qb7+ Re7 41. Qc6 Rf7 42. f4 Rf8 43. Qg2 Rf7 44. Kf5+ Kf8 45. Ke6 Bh4 46. Qg4 Re7+ 47. Kd5 Bf6 48. Qg6 Bg7 49. Kd6 Rf7 50. Qg4 Bf6 51. Qc8+ Kg7 52. Ke6 Bh4 53. Qa8 Re7+ 54. Kf5 Rf7+ 55. Kg4 Bf6 56. Kh5 Re7 57. Qd5 Rf7 58. Qe4 Kf8 59. Kg6 Bh4 60. Qa8+ Ke7 61. Qb7+ Kd6 62. Kxf7 Bf2 63. f5 Kc5 64. Qxa7 Bh4 65. f6 Kc6 66. Ke6 b5 67. Qd7+ Kb6 68. Qxd4+ Ka5 69. Qxh4 b4 70. f7 b3 71. f8R b2 72. Qe1+ Ka6 73. Rb8 b1Q 74. Qxb1 Ka7 75. Qb6# 1-0

[Event "Barcelona Sant Marti op-A 24th"]
[Site "Barcelona"]
[Date "2024.07.15"]
[Round "3"]
[White "Marimon Rubia, Nil"]
[Black "Boggarapu, Kritan"]
[Result "0-1"]
[WhiteElo "2058"]
[BlackElo "1990"]
[PlyCount "76"]
[EventDate "2024.07.13"]
[EventType "swiss"]
[EventRounds "9"]
[EventCountry "ESP"]
[SourceTitle "CB30_2024"]
[SourceDate "2024.07.24"]
[SourceVersion "1"]
[SourceVersionDate "2024.07.24"]
[SourceQuality "1"]

1. e4 c5 2. Nf3 d6 3. d4 cxd4 4. Nxd4 Nf6 5. Nc3 a6 6. f3 e6 7. Be3 Qc7 8. Qd2 Nbd7 9. g4 h6 10. 0-0-0 Ne5 11. h4 Bd7 12. Bd3 b5 13. g5 Nh5 14. Rdg1 g6 15. f4 Nxd3+ 16. Qxd3 b4 17. Nce2 e5 18. fxe5 dxe5 19. Nf3 Bb5 20. Qd1 Rd8 21. Nd2 a5 22. Kb1 a4 23. c4 Bc6 24. Qc2 Qb7 25. Rh2 Rb8 26. Nc1 Be7 27. gxh6 0-0 28. Bg5 Bc5 29. Rgg2 Kh7 30. b3 f6 31. Nd3 Ba7 32. Rh1 axb3 33. axb3 fxg5 34. Nxe5 Bd4 35. Nxg6 Rf6 36. Rxg5 Ra8 37. Kc1 Ra1+ 38. Nb1 Bxe4 0-1

[Event "Peterborough 4NCL Easter op-A"]
[Site "Peterborough"]
[Date "2024.04.01"]
[Round "6"]
[White "Boggarapu, Kritan"]
[Black "Khoury, Theo"]
[Result "0-1"]
[WhiteElo "1933"]
[BlackElo "2113"]
[PlyCount "148"]
[EventDate "2024.03.29"]
[EventType "swiss"]
[EventRounds "7"]
[EventCountry "ENG"]
[SourceTitle "CB14_2024"]
[SourceDate "2024.04.01"]
[SourceVersion "1"]
[SourceVersionDate "2024.04.01"]
[SourceQuality "1"]

1. e4 c5 2. Nf3 d6 3. d4 cxd4 4. Nxd4 Nf6 5. Nc3 a6 6. Be2 e5 7. Nb3 Be7 8. 0-0 0-0 9. Be3 Be6 10. Qd2 Nbd7 11. a4 Qc7 12. a5 Rfd8 13. Nd5 Bxd5 14. exd5 b5 15. axb6 Nxb6 16. Bxb6 Qxb6 17. Na5 Rdc8 18. c4 Bd8 19. Nc6 a5 20. Qc2 Qb7 21. Ra3 Bb6 22. Rb3 Qc7 23. Rb5 Ra6 24. Ra1 Rca8 25. b3 g6 26. Ra3 Kg7 27. Bf3 e4 28. Be2 Qd7 29. Ra1 Qf5 30. Rf1 h5 31. b4 Bc7 32. bxa5 Bxa5 33. Nxa5 Rxa5 34. Rxa5 Rxa5 35. g3 Rc5 36. Qc3 Kh7 37. Qd4 h4 38. h3 Ra5 39. Ra1 Rxa1+ 40. Qxa1 hxg3 41. fxg3 Qg5 42. Kg2 Nd7 43. Qd4 Nc5 44. h4 Qe7 45. Qe3 Qe5 46. Kh3 Kg7 47. Kg2 Qb2 48. Kh3 Qf6 49. Kg2 Qa1 50. Kh2 Kg8 51. Kg2 Qe5 52. Kh3 Qf5+ 53. Kg2 Nd7 54. Bd1 Ne5 55. Bc2 Ng4 56. Qxe4 Qf2+ 57. Kh3 Qh2+ 58. Kxg4 f5+ 59. Qxf5 gxf5+ 60. Bxf5 Qe2+ 61. Kg5 Qxc4 62. Be6+ Kg7 63. h5 Qc1+ 64. Kf5 Qc2+ 65. Kg5 Qd2+ 66. Kf5 Qd3+ 67. Kf4 Kf6 68. g4 Qd4+ 69. Kf3 Kg5 70. Kg3 Qe3+ 71. Kg2 Kh4 72. h6 Qe2+ 73. Kg1 Kg3 74. h7 Qg2# 0-1

[Event "Peterborough 4NCL Easter op-A"]
[Site "Peterborough"]
[Date "2024.03.31"]
[Round "5"]
[White "Guthrie, David"]
[Black "Boggarapu, Kritan"]
[Result "0-1"]
[WhiteElo "2129"]
[BlackElo "1933"]
[PlyCount "105"]
[EventDate "2024.03.29"]
[EventType "swiss"]
[EventRounds "7"]
[EventCountry "ENG"]
[SourceTitle "CB14_2024"]
[SourceDate "2024.04.01"]
[SourceVersion "1"]
[SourceVersionDate "2024.04.01"]
[SourceQuality "1"]

1. d4 d5 2. c4 c6 3. Nf3 Nf6 4. Nc3 e6 5. e3 Nbd7 6. Qc2 b6 7. Bd3 Bb7 8. 0-0 dxc4 9. Bxc4 a6 10. e4 b5 11. Be2 c5 12. e5 Nd5 13. Bg5 Qb6 14. Rad1 cxd4 15. Rxd4 Bc5 16. Rh4 Nxc3 17. bxc3 h6 18. a4 bxa4 19. Qxa4 Qc6 20. Qg4 Qc7 21. Rb1 Bd5 22. Bf4 Bf8 23. c4 Be4 24. Rd1 Bf5 25. Qg3 Nc5 26. Nd4 Bg6 27. Qe3 Be7 28. Rh3 Rb8 29. Rg3 Kf8 30. Bg4 Rb6 31. Qf3 Kg8 32. Bh5 Be4 33. Qg4 Bf8 34. Qe2 Qb8 35. Re3 Rb2 36. Qe1 Qb7 37. Bf3 Bxf3 38. Nxf3 Kh7 39. Re2 Rxe2 40. Qxe2 Be7 41. Qc2+ g6 42. h4 Kg7 43. Be3 Rc8 44. Qc1 Rh8 45. Qc2 a5 46. Bxc5 Bxc5 47. Qa4 Qb6 48. Rd2 Rd8 49. Rxd8 Qxd8 50. g3 Qb6 51. Qc2 Qb4 52. h5 g5 53. Nd2 0-1

[Event "Robinson Cup"]
[Site "Stirling"]
[Date "2023.08.18"]
[Round "1"]
[White "Woods, Yannick"]
[Black "Boggarapu, Kritan"]
[Result "1/2-1/2"]
[WhiteElo "1710"]
[BlackElo "1938"]
[PlyCount "102"]
[EventDate "2023.08.18"]
[EventType "team-tourn"]
[EventRounds "6"]
[EventCountry "SCO"]
[SourceTitle "EXT 2024"]
[Source "ChessBase"]
[SourceDate "2023.10.10"]
[SourceVersion "1"]
[SourceVersionDate "2023.10.10"]
[SourceQuality "1"]
[WhiteTeam "Ireland"]
[BlackTeam "Scotland"]
[WhiteTeamCountry "IRL"]
[BlackTeamCountry "SCO"]

1. e4 e6 2. d4 d5 3. Nc3 Nf6 4. e5 Nfd7 5. f4 c5 6. Nf3 Nc6 7. Be3 a6 8. Be2 b5 9. a3 Qb6 10. Qd2 Bb7 11. 0-0 cxd4 12. Nxd4 Bc5 13. Rad1 0-0-0 14. Bf3 f6 15. exf6 Nxf6 16. b4 Bxd4 17. Bxd4 Nxd4 18. Qxd4 Qxd4+ 19. Rxd4 Kb8 20. Re1 Rhe8 21. Re3 Nd7 22. a4 bxa4 23. Nxa4 Bc6 24. Nc3 Nb6 25. Bg4 Bd7 26. Nd1 Nc4 27. Rh3 h6 28. Ne3 Bb5 29. Nxc4 Bxc4 30. Re3 Rd6 31. Re5 g6 32. Kf2 Bb5 33. Be2 Rc8 34. c4 Bxc4 35. Bxc4 Rxc4 36. Rxc4 dxc4 37. Rc5 Rd2+ 38. Kf3 Rd3+ 39. Ke2 Rc3 40. Kd2 Ra3 41. g3 Ra2+ 42. Ke3 Rxh2 43. Rxc4 Rg2 44. Kf3 Rd2 45. Rc6 Rd3+ 46. Kg4 Re3 47. Rxa6 Kb7 48. b5 g5 49. fxg5 hxg5 50. Kxg5 Rxg3+ 51. Kf4 Rb3 1/2-1/2

[Event "Edinburgh Allegro op"]
[Site "Edinburgh"]
[Date "2023.08.05"]
[Round "5"]
[White "Vadalia, Jainill"]
[Black "Boggarapu, Kritan"]
[Result "0-1"]
[WhiteElo "1619"]
[BlackElo "1554"]
[PlyCount "78"]
[EventDate "2023.08.05"]
[EventType "swiss (rapid)"]
[EventRounds "5"]
[EventCountry "SCO"]
[SourceTitle "CBM 215 Extra"]
[Source "ChessBase"]
[SourceDate "2023.09.30"]
[SourceVersion "1"]
[SourceVersionDate "2023.09.30"]
[SourceQuality "1"]

1. d4 Nf6 2. c4 g6 3. Nc3 Bg7 4. e4 d6 5. Nf3 0-0 6. Be2 e5 7. d5 a5 8. Bg5 h6 9. Bh4 g5 10. Bg3 Nh5 11. Nd2 Nf4 12. 0-0 Nd7 13. f3 Nc5 14. Bf2 b6 15. b3 f5 16. a3 Nfd3 17. Bxc5 Nxc5 18. b4 Na6 19. Qb3 Bd7 20. exf5 Bxf5 21. Nde4 h5 22. c5 bxc5 23. Bxa6 cxb4 24. axb4 Rxa6 25. bxa5 Qb8 26. Rfb1 Qa7+ 27. Qb6 cxb6 28. Nb5 Qb8 29. Nbxd6 Bxe4 30. Nxe4 Qa7 31. d6 bxa5+ 32. Kh1 Rd8 33. Rc1 Raxd6 34. Nxd6 Rxd6 35. Rc8+ Kh7 36. Rac1 Qd7 37. h3 Rd1+ 38. Rxd1 Qxd1+ 39. Kh2 e4 0-1